| 000 | 01456nam a2200361 a 4500 | ||
|---|---|---|---|
| 001 | ebr10681069 | ||
| 003 | CaPaEBR | ||
| 006 | m u | ||
| 007 | cr cn||||||||| | ||
| 008 | 091019s2009 nyua sb 001 0 eng d | ||
| 010 | _z 2009517064 | ||
| 020 | _z1606928872 (hbk.) | ||
| 020 | _z9781606928875 (hbk.) | ||
| 020 | _z9781617283857 (e-book) | ||
| 040 |
_aCaPaEBR _cCaPaEBR |
||
| 035 | _a(OCoLC)662457688 | ||
| 043 | _aae----- | ||
| 050 | 1 | 4 |
_aLA1141 _b.E27 2009eb |
| 082 | 0 | 4 |
_a379.1/58095 _222 |
| 245 | 0 | 0 |
_aEducational evaluation in East Asia _h[electronic resource] : _bemerging issues and challenges / _cSamuel S. Peng and John Chi-Kin Lee, editors. |
| 260 |
_aNew York : _bNova Science Publishers, _cc2009. |
||
| 300 |
_avi, 156 p. : _bill. |
||
| 504 | _aIncludes bibliographical references and index. | ||
| 505 | 0 | _apt. 1. Practices and challenges -- pt. 2. Variations and evaluation. | |
| 533 |
_aElectronic reproduction. _bPalo Alto, Calif. : _cebrary, _d2013. _nAvailable via World Wide Web. _nAccess may be limited to ebrary affiliated libraries. |
||
| 650 | 0 |
_aEducational evaluation _zEast Asia. |
|
| 650 | 0 |
_aEducational accountability _zEast Asia. |
|
| 655 | 7 |
_aElectronic books. _2local |
|
| 700 | 1 | _aPeng, Samuel S. | |
| 700 | 1 |
_aLi, Zijian, _d1960- |
|
| 710 | 2 | _aebrary, Inc. | |
| 856 | 4 | 0 |
_uhttp://site.ebrary.com/lib/rucke/Doc?id=10681069 _zAn electronic book accessible through the World Wide Web; click to view |
| 999 |
_c157160 _d157160 |
||